[Event "Reggio Emilia 9900 42nd"]
[Site "Reggio Emilia"]
[Date "2000.01.04"]
[Round "9"]
[White "Solozhenkin, Evgeniy"]
[Black "Drei, Andrea"]
[Result "1-0"]
[WhiteElo "2544"]
[BlackElo "2349"]
[Annotator "Ribli,Z"]
[PlyCount "59"]
[EventDate "1999.12.27"]
[EventType "tourn"]
[EventRounds "9"]
[EventCountry "ITA"]
[EventCategory "8"]
[SourceTitle "CBM 075"]
[Source "ChessBase"]
[SourceDate "2000.04.05"]
[SourceVersion "1"]
[SourceVersionDate "2000.04.05"]
[SourceQuality "1"]

1. e4 c5 2. Nf3 e6 3. d4 cxd4 4. Nxd4 Nc6 5. Nc3 Qc7 6. g3 {Eine schlaue
Fortsetzung - Weiß möchte nicht unbedingt nur 7.Bg2 ziehen, in einigen
Varianten droht auch 7.Bf4.} a6 7. Bg2 Nf6 8. O-O Bc5 {Diese Variante ist in
letzter Zeit sehr populär. Früher spielte man mit 8...Be7 oder 8...d6 weniger
aktiv .} 9. Bf4 e5 (9... Ne5 {Dieser Zug ist ebenso gut wie die
Partiefortsetzung.}) 10. Nb3 exf4 (10... Bb4 $5 {Dieser Zug wird selten
gespielt, ist aber gut spielbar.} 11. Bd2 Bxc3 (11... h6 12. Nd5 Nxd5 13. exd5
Bxd2 14. Qxd2 Nd8 15. d6 {1-0 De Firmian,N-Nieminen,K/Rilton Cup96/97 1996 (31)
}) 12. Bxc3 d6 {[%csl Rb3,Rc3] Das Feld d5 ist theoretisch schwach, aber die
weißen Leichtfiguren (Nb3, Bc3) stehen zu passiv, um diese Schwäche
auszunutzen.} 13. Qd2 Be6 14. h3 O-O-O 15. Rfd1 d5 16. exd5 Bxd5 17. Qg5 h6 18.
Qf5+ Be6 19. Qf3 {1/2-1/2 Istratescu,A-Varga,Z/Budapest zt-plof 1995 (65)}) 11.
Nxc5 d6 (11... O-O 12. Nd3 fxg3 13. fxg3 Qd6 14. Kh1 Ne5 15. Nxe5 Qxe5 16. Rf5
Qe6 17. Qd4 d6 18. Raf1 Ng4 19. Qd2 b5 20. Nd5 Ra7 21. h3 Qh6 22. Qd4 Rb7 23.
R5f4 Ne5 24. Kh2 Be6 {0-1 Lukovnikov,A-Landa,K/Briansk 1995/EXT 98 (34)}) 12.
Nd3 fxg3 13. hxg3 (13. fxg3 Be6 (13... O-O 14. Rxf6 gxf6 15. Nd5 $40) 14. Kh1
Ne5 15. Nxe5 dxe5 16. Nd5 Bxd5 17. exd5 Rd8 18. Rxf6 gxf6 19. Qf3 Qxc2 20. Qxf6
O-O 21. Rf1 Qg6 22. Qxe5 Qg7 23. Rf6 Rfe8 24. Qf4 Re1+ 25. Bf1 Re4 {0-1 Roa,
S-Paunovic,D/La Coruna 1998/EXT 2000 (41)}) 13... Be6 {Dieser Läuferzug wurde
seinerzeit vom ungarischen Großmeister Leko empfohlen.} (13... O-O 14. Nd5 Nxd5
15. exd5 Ne7 16. Rc1 Bf5 17. Nf4 Ng6 18. Nxg6 Bxg6 19. Qd4 Rfe8 20. c4 Qc5 21.
Qxc5 dxc5 22. b4 cxb4 23. c5 Kf8 24. Rfd1 Be4 25. f3 Bf5 26. Rd4 a5 27. f4 Re3
28. d6 Rb8 29. d7 Rd8 30. Bxb7 Rxd7 31. Rxd7 Bxd7 32. c6 Bg4 33. Rc5 a4 34. c7
Rxg3+ 35. Kf2 Rc3 36. c8=Q+ Bxc8 37. Rxc8+ Rxc8 38. Bxc8 a3 39. Bf5 b3 40. Bb1
b2 {0-1 Stellwagen,D-Horvath,A/Groningen 1999/CBM 73 ext (40)}) 14. Nd5 Bxd5
15. exd5 Ne7 16. c4 (16. Re1 O-O 17. c4 Rae8 18. Rc1 Nf5 19. b4 a5 20. a3 axb4
21. axb4 b6 22. Qd2 Rxe1+ 23. Nxe1 Re8 24. Qf4 Ne7 25. Nd3 Ng6 26. Qd4 h5 27.
c5 bxc5 28. bxc5 dxc5 29. d6 Qb6 30. Qxc5 Qxc5 {1/2-1/2 Heidenfeld,M-Macieja,B/
Elista 1998/CBM 66 ext (30)}) 16... O-O (16... Qxc4 $6 17. Re1 $44 {Weiß hat
einen klaren Plan: Angriff gegen den schwarzen König.}) 17. Rc1 a5 $6 {Dieser
Zug richtet sich gegen weißen Raumgewinn durch 18.b4, aber der andere Plan 18.
c5 ist für Schwarz noch gefährlicher.} (17... Rad8 $5 {Das scheint mir
logischer als die Partiefortsetzung - Schwarz verteidigt sich gegen den
Bauernvorstoß c4-c5.} 18. Re1 b6 $6 19. Nb4 a5 20. Nc6 Rde8 21. a3 Ng6 22. b4
axb4 23. axb4 Rxe1+ 24. Qxe1 h5 25. Qc3 h4 26. Re1 Qd7 27. Qd4 hxg3 28. fxg3
Qf5 29. Qxb6 Qd3 30. Qf2 Qxc4 31. Qe2 Qb3 32. Qe3 Qc4 33. Qe2 Qb3 {1/2-1/2
Bojkovic,N-Cosma,E/Elista 1998/CBM 66 ext (33)}) 18. c5 Nexd5 (18... Nfxd5 19.
Qb3 a4 20. Qc4 Nf6 {Mit Zugumstellung gelangen wir zur Partiefortsetzung.}) 19.
Qb3 $44 a4 (19... Nb4 20. Nxb4 axb4 21. cxd6 (21. Qxb4 d5 $5 $11) 21... Qxd6
22. Bxb7 $14) 20. Qc4 Ne7 (20... b5 $2 21. Qd4 $18) 21. cxd6 (21. Qf4 $6 Rfd8
$15) 21... Qxd6 22. Rfd1 {[%mdl 2048] Weiß hat einen Bauern weniger, aber sein
positioneller Druck ist spürbar. Er besitzt ausreichende Kompensation für den
Bauern.} Rfc8 23. Nc5 Qb6 (23... Qb8 $5) 24. a3 Qa7 $2 (24... Rab8 $5 25. Nxa4
Qa5 $11) 25. Qb4 $6 {Auch nach diesem Zug hat Weiß - wie früher - positionelle
Kompensation für den Bauern, aber statt dessen bot sich ihm eine viel bessere
Alternative.} (25. Bxb7 $1 {[%mdl 64]} Rxc5 (25... Qxb7 26. Nxb7 Rxc4 27. Rxc4
$18) 26. Bxa8 $1 {Die schwarze Grundlinie ist schwach - nach 26...Rxc4 kommt
27.Rd8+.}) 25... Rab8 26. Nd7 $1 Nxd7 (26... Rxc1 27. Nxf6+ gxf6 28. Rxc1 Ng6
29. Rc7 $36) 27. Rxc8+ Rxc8 (27... Nxc8 28. Rxd7 Nb6 29. Qd4 $18) 28. Qxe7 $18
{Interessant - Schwarz ist plötzlich wegen der schlechten Koordination seiner
Figuren verloren.} Rc2 (28... Nf8 29. Bd5 Kh8 30. Qxf7 Ng6 {[#]} 31. Qxg6 $1
hxg6 32. Kg2 $18 {Der schwarze König befindet sich im Mattnetz.}) 29. Rd4 $1
Nf8 (29... Qxd4 30. Qd8+ Nf8 31. Qxd4 $18) 30. Rf4 {Schwarz gab in verlorener
Stellung auf.} 1-0

[Event "Corus"]
[Site "Wijk aan Zee"]
[Date "2000.01.16"]
[Round "2"]
[White "Adams, Michael"]
[Black "Polgar, Judit"]
[Result "1/2-1/2"]
[WhiteElo "2715"]
[BlackElo "2658"]
[Annotator "Ribli,Z"]
[PlyCount "54"]
[EventDate "2000.01.15"]
[EventType "tourn"]
[EventRounds "13"]
[EventCountry "NED"]
[EventCategory "18"]
[SourceTitle "CBM 075"]
[Source "ChessBase"]
[SourceDate "2000.04.05"]
[SourceVersion "1"]
[SourceVersionDate "2000.04.05"]
[SourceQuality "1"]

1. e4 c5 2. Nf3 e6 3. d4 cxd4 4. Nxd4 Nc6 5. Nc3 Qc7 6. g3 a6 7. Bg2 Nf6 8. O-O
Nxd4 9. Qxd4 Bc5 10. Bf4 d6 11. Qd2 h6 12. Rad1 e5 13. Be3 Be6 {Natürlich
verbessert Polgar ihr früheres Spiel. In der Partie Sutovsky,E - Polgar,J
Hoogoven 1997 spielte Schwarz 13...Ke7 14.Bxc5 Qxc5 15.Na4 Qc6 16.f4 a5 17.Qd3
Ra6? (17...b5 ist besser).} (13... Bg4 14. Bxc5 dxc5 15. f3 (15. Qd6 $5 Rc8 $5
16. Rd2 $5 Qxd6 17. Rxd6 Nd7 18. f3 $1 (18. Nd5 Rc6 19. Rxc6 bxc6 20. Ne3 Be6
21. Rd1 Ke7 22. Bf1 Nb6 $1 {1/2-1/2 Marinkovic,S-Vojinovic,G/Jugoslavija 
(ch_open) 1994/Inf 62 (24)}) 18... Ke7 19. Rfd1 Be6 20. f4 $1 Bg4 21. Bf3 $1 {
1/2-1/2 Matulovic,M-Mackic,Z/JUG 1997/EXT 99 (88)} Bh3 22. Kf2 Rcd8 23. f5 h5
24. R6d2 Nf6 25. Nd5+ Rxd5 26. Rxd5 Nxd5 27. Rxd5 f6 28. Rxc5 Kd6 {1/2-1/2
Matulovic,M-Mackic,Z/Ulcinj 1997/EXT 99 (88)}) 15... Be6 16. f4 O-O (16... Rd8
$2 17. Nd5 Bxd5 18. exd5 e4 19. Rfe1 Rxd5 20. Rxe4+ Kd8 21. Qe2 Rxd1+ 22. Qxd1+
Qd7 23. Qxd7+ Kxd7 24. Re5 $14 {1-0 Fischer,R-Taimanov,M/Vancouver (m/4) 1971 
(71)}) 17. Nd5 (17. Qd6 Qa5 18. Qd2 (18. Qxe5 Rfe8 $1 $44 19. f5 Bc4 20. Qf4
Bxf1 21. Rxf1 c4 22. Kh1 Qe5 23. Rd1 b5 {0-1 Shchekachev,A-Fominyh,A/Omsk/Perm
1998/EXT 2000 (45)}) 18... Qc7 (18... Rad8 $5) 19. f5 Bc4 20. Rfe1 Rad8 21. Qe3
a5 22. Bf3 Rd4 23. b3 Ba6 24. Nd5 Nxd5 25. exd5 f6 26. c3 Rxd1 27. Rxd1 Rd8 28.
c4 b6 {1/2-1/2 Zlatanovic,Z-Zivanic,S/JUG-chT2 1994/EXT 94ch (40)}) 17... Bxd5
18. exd5 Qd6 19. fxe5 Qxe5 20. d6 Qxb2 21. Rb1 Qxa2 22. Rxb7 Rad8 23. Rd1 Rfe8
24. Qf2 Re5 25. Ra7 Qc4 26. h3 h5 27. Bf1 Qe6 {0-1 Horvath,T-Fominyh,A/
Budapest 1996/CBM 56/[ChessBase] (87)}) 14. Bxc5 dxc5 15. f4 (15. Nd5 Qc6 (
15... Bxd5 16. exd5 Qd6 $13) 16. Nxf6+ gxf6 17. f4 Ke7 18. fxe5 fxe5 19. b3 f6
20. Qf2 Raf8 21. Rd2 b6 22. Rfd1 Qc7 23. Qf1 c4 24. Bh3 Bxh3 25. Qxh3 Rd8 26.
Qg4 Rhg8 27. Qf5 Rxd2 28. Qh7+ Ke6 29. Qxg8+ {1-0 Gonzales,E-Gonda,G/Skopje
1972/EXT 2000 (29)}) 15... O-O 16. Qd6 Qa5 17. Qd2 Rad8 $5 {Schwarz ist nicht
zufrieden mit der Zugwiederholung und wählt daher einen natürlichen
Entwicklungszug.} (17... Qc7) 18. Nd5 Qxd2 19. Rxd2 Bxd5 $1 (19... Nxd5 20.
exd5 exf4 21. Rxf4 $14) 20. exd5 exf4 (20... e4 21. c4 $14 {Der weise Pd5 ist
besser verteidigt als der schwarze Pe4.}) 21. Rxf4 (21. gxf4 $6 Ne8) 21... Ne8
$11 {[%csl Yd6][%cal Ge8d6][%mdl 32] Der schwarze Springer zielt auf das gute
Blockadefeld d6. Der weise Bg2 hat keine aktiven Möglichkeiten.} 22. Rc4 b6 23.
Re4 (23. Ra4 a5 $11) 23... Nd6 24. Re7 Nc4 {[%cal Rc4b2,Rc4d2]} 25. Rf2 Nxb2
26. Ra7 Nc4 (26... a5 27. Rb7 $44) 27. Rf4 Ne3 {Und - in ausgeglichener
Stellung - einigten sich die Kontrahenten auf Remis.} (27... Ne3 28. Rxa6 Nxd5
29. Bxd5 Rxd5 30. Rxb6 $11) 1/2-1/2

[Event "Najdorf Memorial 11th"]
[Site "Buenos Aires"]
[Date "2000.09.22"]
[Round "5"]
[White "Polgar, Judit"]
[Black "Ricardi, Pablo"]
[Result "1/2-1/2"]
[WhiteElo "2656"]
[BlackElo "2488"]
[Annotator "Ribli,Z"]
[PlyCount "119"]
[EventDate "2000.09.18"]
[EventType "tourn"]
[EventRounds "9"]
[EventCountry "ARG"]
[EventCategory "14"]
[SourceTitle "CBM 080"]
[Source "ChessBase"]
[SourceDate "2001.01.25"]
[SourceVersion "1"]
[SourceVersionDate "2001.01.25"]
[SourceQuality "1"]

1. e4 c5 2. Nf3 e6 3. d4 cxd4 4. Nxd4 Nc6 5. Nc3 Qc7 6. Be2 a6 7. O-O Nf6 8.
Kh1 {Dieser prophylaktische Zug ist praktisch immer nützlich für Weiß in den
klassischen Varianten mit Be2. Weiß legt sich noch nicht auf eine Platzierung
des Bc1 fest.} Nxd4 (8... Be7) (8... Bb4) 9. Qxd4 Bc5 10. Qd3 b5 (10... h5 11.
f4 Ng4) 11. f4 (11. Bg5 Bb7 12. f4 b4 13. e5 Nd5 14. Nxd5 Bxd5 15. Bf3 Bxf3 16.
Rxf3 d6 17. Rd1 dxe5 18. fxe5 Be7 19. Qe4 Rc8 {1/2-1/2 Kindermann,S-Gross,D/
Fürstenfeld 2000 (39)}) 11... Bb7 12. Bf3 d6 {Dieser Zug wird selten gespielt
und gefällt mir nicht. Statt der Partiefortsetzung kann Schwarz mit 12...h5
aktives Gegenspiel anstreben.} (12... h5 13. e5 Ng4 14. Bxb7 Qxb7 15. Ne4 Rc8
16. a4 b4 17. Bd2 Be7 18. c4 bxc3 19. Bxc3 Nh6 20. Rfe1 h4 21. Rad1 Nf5 22. Qf3
Qc6 {1/2-1/2 Nijboer,F-Lutz,C/Venlo 2000/CBM 79_02 (65)}) 13. e5 dxe5 14. Nxb5
$5 {[%mdl 64] Mit dieser kleinen Kombination gewinnt Weiß einen Bauern.} (14.
fxe5 $6 Rd8 15. Qe2 Nd5 16. Ne4 h6 17. Nxc5 Qxc5 18. Qf2 Qxf2 19. Rxf2 O-O 20.
Bd2 Rd7 {0-1 Auvinen,E-Leino,J/Espoo 1997/EXT 2000 (52)}) 14... axb5 15. Qxb5+
{[%cal Rb5b7,Rb5e8]} Ke7 16. Qxb7 Qxb7 17. Bxb7 Rab8 18. Ba6 $14 {Nach einer
Reihe forcierter Züge hat Weiß einen Bauern mehr und das Läuferpaar. Aber die
Verwertung des Vorteils ist nicht einfach, da Schwarz etwas Gegenspiel am
Damenflügel bekommt.} e4 (18... Ng4 $5 19. g3 (19. h3 Nf2+ 20. Kh2 exf4 $132)
19... Ne3 20. Bxe3 Bxe3 21. Rab1 exf4 22. gxf4 Ra8 23. Bc4 Rhd8 $14) 19. a4 {
Weiß hat drei Freibauern am Damenflügel, aber der Rb8 steht gut und stört die
Entwicklung des Damenflügels.} Rhd8 20. a5 (20. h3 Nd5) 20... Ng4 {[%cal Rg4f2,
Rf2h1]} 21. h3 (21. g3) 21... Nf2+ (21... Ne3 $5 22. Bxe3 Bxe3 23. Rfe1 Bxf4
24. Rxe4 $14) 22. Kh2 Nd1 {Der Springer steht ungewöhnlich auf d1 und greift
den Pb2 an.} 23. Re1 f5 {Natürlich muss Schwarz den Pe4 verteidigen.} (23...
Nxb2 24. Rxe4 $16) 24. b3 Nc3 25. Bc4 $16 {Schwarz hat zwar in der Tat etwas
Aktivität am Damenflügel, aber alles in der weißen Stellung ist verteidigt,
und der Freibauer auf der a-Linie wirkt gefährlich.} Ra8 (25... Bf2 26. Rf1 e3
27. a6 $16) 26. a6 {[%csl Ga6]} Nd5 27. Kg3 {Weiß aktiviert den König und
entbindet den Bc1 von der Verteidigung des Pf4.} (27. Rd1 Ne3) 27... h6 28. Rd1
(28. Ba3 Bxa3 29. Rxa3 $16) 28... Ne3 29. Rxd8 (29. Bxe3 Bxe3 30. Rxd8 Rxd8 31.
h4 $16) 29... Rxd8 30. Ra5 (30. a7 Ra8 31. Ba3 Bxa3 32. Rxa3 Nxc4 (32... Nxc2
33. Ra6 Nd4 34. b4 $18) 33. bxc4 Kd6 34. Kf2 Kc5 35. Ke3 Kxc4 $14) 30... Bb6
31. Rb5 (31. Ra4 Nxc2 32. Bb2 Ne3 $14) 31... Nxc4 32. bxc4 Bd4 33. Rb7+ (33.
Ba3+ Kd7 34. Bb2 Bxb2 35. Rxb2 Kc6 36. Rb7 Ra8 37. Rxg7 Rxa6 $14) 33... Kd6 34.
Ba3+ Kc6 35. Re7 {Weiß gewinnt einen weiteren Bauern.} Kb6 36. Rxe6+ {[%mdl
1024]} Ka7 37. c5 $6 {Dieser Zug ist zu straight. Man sollte hier nichts
überstürzen und lieber den Materialvorteil halten.} (37. Rc6 $5 $16 {Nach
diesem Zug muss Schwarz auf 38.Bc5+ achten.}) 37... Rc8 38. c6 Kxa6 39. c7+ Kb7
$14 40. Bd6 {Weiß muss seinen c-Bauern verteidigen, aber früher oder später
kann Schwarz ihn erboern.} Bb6 41. Rg6 Rg8 (41... Bxc7 $2 42. Rxg7 $18) 42. Be5
Bxc7 43. Rxg7 Rxg7+ 44. Bxg7 {Nach 37.c5 war dieses Läuferendspiel forciert.
Weiß hat einen Freibauern auf der c-Linie, aber da das Material reduziert ist,
hat Schwarz Remischancen.} h5 45. Kh4 (45. Be5 Bd8 $14) 45... Bxf4 46. Bc3 $5 {
Mit diesem Zug verhindert Weiß das Manöver Bd2-e3-e2.} (46. Kxh5 Bd2 47. Kg6 f4
48. Kf5 f3 49. gxf3 exf3 50. Bd4 Be1 $11 {Nach f3-f2 muss Weiß den Läufer
geben, und Schwarz erreicht ganz einfach Remis.}) 46... Kc6 47. Kxh5 Bc1 (47...
e3 48. Kg6 $18) 48. Kg6 f4 (48... e3 49. Kxf5 Bd2 50. Bd4 e2 51. Bf2 $18) 49.
Kf5 Kd5 $5 (49... f3 50. gxf3 exf3 51. Bd4 (51. Be1 Be3 52. h4 f2 53. Bxf2 Bxf2
54. h5 Be3 $11) 51... Kd5 52. Bf2 Bd2 53. h4 Bh6 54. h5 Bd2 55. Kg4 Ke4 56. c4
Be3 57. Bh4 f2 58. Bxf2 Bxf2 59. h6 Bd4 60. h7 Bh8 $11) 50. Be1 Kd4 51. h4 f3
52. gxf3 exf3 53. Kg4 Ke3 54. c4 (54. h5 f2 55. Bxf2+ Kxf2 56. c4 Be3 57. Kf5
Kf3 58. Kg6 Ke4 $11) 54... Ba3 {Schwarz verhindert zuerst den Zug 55.c5 und
zielt das Feld f8 an, von wo aus er den Vormarsch des h-Bauern verhindern kann.
} 55. h5 Bf8 $11 {[%csl Gf8] Der Bf8 steht ausgezeichnet und kontrolliert
gleichzeitig den c- und h-Bauern. Weiß kommt nicht weiter.} 56. Kf5 Kd4 57.
Bf2+ Kxc4 58. Ke4 Bg7 59. Be3 (59. Kxf3 Kd5 $11) 59... Bf8 60. Kxf3 1/2-1/2

[Event "Mondariz zt 1.1"]
[Site "Mondariz"]
[Date "2000.09.11"]
[Round "8"]
[White "De la Riva Aguado, Oscar"]
[Black "Plaskett, H James"]
[Result "1-0"]
[WhiteElo "2462"]
[BlackElo "2525"]
[Annotator "Ribli,Z"]
[PlyCount "43"]
[EventDate "2000.09.03"]
[EventType "swiss"]
[EventRounds "11"]
[EventCountry "ESP"]
[SourceTitle "CBM 079"]
[Source "ChessBase"]
[SourceDate "2000.11.21"]
[SourceVersion "1"]
[SourceVersionDate "2000.11.21"]
[SourceQuality "1"]

1. e4 c5 2. Nf3 e6 3. d4 cxd4 4. Nxd4 Nc6 5. Nc3 Qc7 6. g3 a6 7. Bg2 Nf6 8. O-O
Be7 9. Re1 Nxd4 $6 {Schwarz möchte den Umstand ausnutzen, dass der Turm auf e1
weniger stark steht als auf f1 und anschließend mit Bc5-Ng4 aktiv werden.} (
9... d6 10. Nxc6 bxc6 11. e5 dxe5 12. Rxe5 $14) (9... O-O) 10. e5 $5 {Dieser
wirklich sehr interessante Zug wurde in der Partie Motwani, P. - Liang Jinrong
Chicago 1983 gespielt. Weiß opfert einen Bauern und beabsichtigt, die e-Linie
zu öffnen.} (10. Qxd4 Bc5 11. Bf4 d6 12. Qd2 Ng4 $132 (12... e5 13. Bg5 Ng4 14.
Nd5 Qc6 15. Rf1 h6 16. h3 Be6 $1 $11)) 10... Nb5 (10... Nf5 11. exf6 Bxf6 12.
Nd5 Qd8 13. Be4 Ne7 14. Nxf6+ gxf6 15. Qd6 $44) (10... Nxc2 11. Qxc2 (11. exf6
$2 Nxe1 12. fxe7 Nxg2 $19) 11... Nd5 12. Bxd5 exd5 13. Qd1 O-O 14. Nxd5 Qd8 15.
Be3 $18 {[%cal Re3b6,Rb6d8]}) 11. exf6 (11. Nxb5 axb5 12. exf6 Bxf6 (12... gxf6
13. Qg4 Bf8 14. Qh4 Qd8 {Mrdja,M-Janssen,H/Baden_Baden 1985/Inf 40 (14)}) 13.
Bf4 Qb6 14. c3 O-O (14... Be7 15. Qg4 O-O 16. Bh6 Bf6 17. Be3 Qc7 18. Qb4 Qc4
19. Bc5 Rd8 20. Bf1 {1/2-1/2 Andres,M-Delgado Cespedes,I/CUB-ch 1989/EXT 97 
(20)}) 15. Bd6 Re8 16. Re2 Be7 17. Rd2 Ra6 18. Bxe7 Rxe7 19. Qb3 Qc5 20. Bf1
Rb6 21. a3 d5 22. Rd4 Rc7 23. Rad1 Bd7 {1/2-1/2 Schumi,M-Watzka,H/AUT-chT9495
1995/CBM 45 ext (31)}) 11... gxf6 (11... Nxc3 $5 12. fxg7 Rg8 13. Qd3 (13. bxc3
$5) 13... Rxg7 14. bxc3 Rb8 15. Rb1 Bc5 16. Re4 b5 17. Rh4 f5 {1/2-1/2 Wagman,
S-Tolnai,T/New York 1993/TD (35)}) 12. Nd5 $5 $146 {[%mdl 512] Weiß opfert den
Springer für starken positionellen Druck. Dieser Zug ist typisch, aber immer
wieder schön.} (12. Qg4 Nxc3 13. Qg7 Rf8 14. bxc3 Qxc3 15. Bh6 Qxc2 (15... d6 {
>=}) 16. Be4 $16 Qb2 17. Rac1 Qb6 18. Qxh7 Qd8 19. Bf3 Ba3 20. Bh5 {1-0 Wagman,
S-Drei,A/Forli 1988/TD (31)}) (12. Nxb5 axb5 13. Qg4 Bf8 (13... Qxc2 14. Be4
Qa4 15. Qg7 Rf8 16. Bh6 Qd4 17. Qxh7 Qxb2 18. Rac1 {1-0 Gerigk,E-Arnold,L/
Germany 1998/EXT 99 (30)}) 14. Qh4 (14. c3 h5 (14... Ra4 $5 15. Qf5 Bg7 16.
Qxb5 Qa5) 15. Qf5 Be7 16. Qxb5 Ra5 17. Qd3 h4 18. Bf4 d6 19. b4 Ra3 20. Qb5+
Kf8 21. c4 Kg7 22. c5 e5 23. Be3 {1-0 Kindermann,S-Janssen,H/Baden-Baden 1985/
MCL (33)}) 14... Bg7 15. Bh6 Bxh6 16. Qxf6 O-O 17. Re4 Ra4 18. b4 {1-0 Lloyd,
A-Stuart,P/NZD-ch 1985/MCD (26)}) 12... exd5 13. Bxd5 $44 {[%csl Gd5,Re8][%cal
Re1e8]} h5 {Schwarz verteidigt sich gegen 14.Qh5 oder 14. Bxf7+.} 14. a4 {
Weiß vertreibt zum einen den Nb5, zum anderen kann er in einigen Varianten den
Turm über a3 ins Spiel bringen.} Na7 (14... Nd6 15. Bf4 {[%cal Gf4c7]} Qc5 (
15... Kd8 16. Qd4 $36) 16. Bxd6 Qxd6 17. Ra3 {[%cal Ra3e3,Re1e8]} Kd8 18. Rae3
Bf8 (18... Re8 19. Bxf7 $18) 19. Re8+ Kc7 20. R1e3 $40 {[%cal Re3c3,Rc3c8]})
15. Qd4 {[%csl Re8][%cal Rd4f6,Ge1e8] Nach diesem Zug hängt der Pf6. Schwarz
hat offensichtlich keine Möglichkeit, den Bauern zu verteidigen.} d6 (15... Kf8
16. Bh6+ Rxh6 17. Qe3 $18 {[%cal Re3e7,Re3h6]}) (15... Kd8 16. Bg5 Nc6 (16...
Qd6 17. Rxe7 Nc6 18. Qxf6 (18. Re6 $5) 18... Qxf6 19. Bxf6 Nxe7 20. Re1 $16)
17. Qxf6 $18) 16. Qxf6 $16 Rf8 (16... Rh7 17. Bh6 Be6 (17... Nc6 18. Qg5 {
[%cal Rg5g8,Rg8e8,Rg8h7]} Rxh6 19. Qxh6 Ne5 20. Qh8+ Bf8 21. Qxh5 $16) 18. Rxe6
fxe6 19. Qg6+ Rf7 20. Bxe6 Bf8 21. Re1 Bxh6 22. Bxf7+ Kd7 23. Qe6+ Kc6 24. Qc4+
Kd7 25. Re7+ $18) 17. Bg5 Be6 18. Qg7 Bxg5 (18... Nc6 19. Bxe6 fxe6 20. Rxe6
Rd8 21. Qg6+ Kd7 (21... Rf7 22. Rae1 Ne5 23. R1xe5 dxe5 24. Bxe7 Qxe7 25. Rxe7+
Kxe7 26. Qg5+ $18) 22. Bxe7 Nxe7 23. Rxe7+ Kxe7 24. Qg7+ Rf7 25. Re1+ $18) 19.
Rxe6+ $1 Be7 (19... Kd7 20. Qxg5 fxe6 21. Qg7+ $18) 20. Re4 O-O-O $2 {[%mdl
8192]} (20... Rd8 21. Rae1 Nc8 22. Rf4 $16) 21. Rae1 Rde8 (21... Rfe8 22. Qxf7
$18) 22. Rxe7 $1 $18 {Mit dieser kleinen Kombination gewinnt Weiß das
investierte Material zurück und hat am Ende klaren Vorteil. Schwarz gab seine
hoffnungslose Stellung auf.} 1-0

[Event "Belgrade"]
[Site "Belgrade"]
[Date "1993.??.??"]
[Round "2"]
[White "Kotronias, Vasilios"]
[Black "Damljanovic, Branko"]
[Result "1-0"]
[WhiteElo "2590"]
[BlackElo "2570"]
[Annotator "Ribli,Z"]
[PlyCount "81"]
[EventDate "1993.??.??"]
[EventType "tourn"]
[EventRounds "9"]
[EventCountry "YUG"]
[EventCategory "16"]
[SourceTitle "CBM 039"]
[Source "ChessBase"]
[SourceDate "1994.04.01"]
[SourceVersion "1"]
[SourceVersionDate "1994.04.01"]
[SourceQuality "1"]

1. e4 c5 2. Nf3 Nc6 3. d4 cxd4 4. Nxd4 Qc7 5. Nc3 e6 6. g3 a6 7. Bg2 Nf6 8. O-O
Nxd4 9. Qxd4 Bc5 10. Bf4 d6 11. Qd2 h6 12. Rad1 e5 13. Be3 Ke7 14. Bxc5 $5 Qxc5
15. Na4 Qc6 16. f4 a5 17. Qd3 $5 (17. fxe5 dxe5 18. Qd3 b5 19. Nc3 Qc5+ 20. Kh1
Be6 $13 {Gdanski,J-Dorfman,J/Polanica Zdroj/1992/CBM31/INF55,213/}) 17... b5
18. Nc3 Be6 (18... Qc5+ $5 19. Kh1 Be6 20. Qxb5 Qxb5 21. Nxb5 Bc4 22. Nxd6 Bxf1
23. Nf5+ $44) 19. Qxb5 $1 Qxb5 20. Nxb5 Bc4 21. Nxd6 Bxf1 22. Nf5+ Kf8 23. Rxf1
$44 Nd7 (23... Rd8 24. fxe5 Ng4 25. e6 $1 fxe6 26. Ne3+ $1 Nf6 27. e5 $18) 24.
Rd1 Ra7 25. Bh3 g6 26. Nd6 Nc5 27. Rd5 Na4 28. Nb5 $1 Re7 29. b3 Nb6 30. Rd6
Na8 31. f5 $1 Rb7 32. f6 $18 Kg8 33. c4 Kh7 34. a4 Rb6 (34... Rhb8 35. c5 $18)
35. Rxb6 Nxb6 36. c5 Nc8 37. Kf2 h5 38. Na3 Kh6 39. Nc4 Kg5 40. Nxe5 Kxf6 41.
Nc6 1-0